000 00485nam a2200181Ia 4500
001 19006
005 20260306171712.0
008 260306s9999||||xx |||||||||||||| ||und||
041 _aESP
082 _a658.78
_bS24
100 _aSánchez Loppacher, Julio
_eAUT
245 0 _aCompitiendo a través de la cadena de valor del negocio:
_bsupply chain management
260 _c2013
300 _a188 páginas :
_c23 cm.
650 _aGEN
654 _aCAN
942 _cLIB
_dJUS
_fJUS
_2ddc
_n
999 _c19006
_d19006